Organizace a řízení výroby
Saved in:
| Main Author: | |
|---|---|
| Format: | Book |
| Language: | Czech |
| Published: |
Praha
SNTL
1971
|
| Subjects: | |
| Online Access: | View in OPAC |
| Tags: |
No Tags, Be the first to tag this record!
|
MARC
| LEADER | 00000nam a2200000 a 4500 | ||
|---|---|---|---|
| 005 | 20260127134104.0 | ||
| 008 | 070709s1971 xo cze d | ||
| 020 | |c 39.00 | ||
| 035 | |a vtls009015854 | ||
| 035 | |a PPPK7826 | ||
| 039 | 9 | |a 200809091116 |b mschk03 |c 200707311944 |d VLOAD |y 200707231407 |z VLOAD | |
| 040 | |a PPPK |b slo |c PPPK |d STUSCHK1 | ||
| 041 | 0 | |a cze | |
| 080 | |a 658.5 | ||
| 100 | 1 | |a Líbal, Vladimír |9 799 | |
| 245 | 1 | |a Organizace a řízení výroby |c Vladimír Líbal | |
| 260 | |a Praha |b SNTL |c 1971 | ||
| 650 | 0 | 7 | |a výroba |2 PPPK |
| 650 | 0 | 7 | |a organizácia a riadenie |2 PPPK |
| 910 | |a pppk | ||
| 910 | |a SCHK95 | ||
| 999 | |c 3820 |d 3820 | ||